| 000 | 00725nam a2200241Ia 4500 | ||
|---|---|---|---|
| 008 | 180523s9999 xx 000 0 und d | ||
| 020 | _a978-0-471-65748-4 | ||
| 050 | _aMAIN TX 911.3 | ||
| 050 | _b.P4M55 2007 | ||
| 100 | _aMiller, Jack E. | ||
| 245 | 0 | _aSupervision in the hospitality industry : | |
| 245 | 0 | _bapplied human resources / | |
| 245 | 0 | _cJack E. Miller, John R. Walker, Karen Eich Drummond. | |
| 250 | _a5th Edition | ||
| 260 | _aNew Jersey : | ||
| 260 | _bJohn Wiley & Sons, | ||
| 260 | _c2007 | ||
| 300 | _a522 pages : | ||
| 300 | _billustrations ; | ||
| 300 | _c24 cm. | ||
| 500 | _aIncludes bibliographical references and index. | ||
| 650 | _aHospitality industry -- Personnel management. | ||
| 999 |
_c357803 _d357803 |
||